Państwa Ameryki Południowej- rozsypanka literowa - Statystyki

Ogólne statystyki
  • Ten quiz został rozwiązany 300 razy
  • Średni wynik to 11 z 12
Statystyki odpowiedzi
Rozsypanka literowa Kraj % Poprawnych
lehic Chile
99%
uper Peru
99%
lioiwab Boliwia
98%
arybzali Brazylia
97%
rawagjap Paragwaj
95%
ajguan Gujana
92%
gearnanyt Argentyna
91%
gruajuw Urugwaj
91%
lnuzeewae Wenezuela
91%
okilambu Kolumbia
89%
adorwke Ekwador
88%
iursnma Surinam
82%
Nie znaleziono quizów pasujących do podanych kryteriów
Rozkład punktacji
Procent ludzi z każdym wynikiem
Percentyl według liczby udzielonych odpowiedzi
Twoja historia wyników
Nie rozwiązałeś tego quizu